Piłkarz, siatkarz, koszykarz czy skoczek narciarski? #1 - Statystyki

Ogólne statystyki
  • Ten quiz został rozwiązany 70 razy
  • Średni wynik to 14 z 15
Statystyki odpowiedzi
Zagadnienie Odpowiedź % Poprawnych
Który sport uprawia Lionel Messi? Piłka nożna
100%
Który sport uprawia Bartosz Kurek? Siatkówka
100%
Który sport uprawia Dawid Kubacki? Skoki narciarskie
100%
Który sport uprawia Stefan Kraft? Skoki narciarskie
97%
Który sport uprawia Lautaro Martínez? Piłka nożna
94%
Który sport uprawia Harry Kane? Piłka nożna
93%
Który sport uprawiał Michał Winiarski? Siatkówka
93%
Który sport uprawiał Shaquille O’Neal? Koszykówka
91%
Który sport uprawia Marius Lindvik? Skoki narciarskie
91%
Który sport uprawia Luka Doncic? Koszykówka
86%
Który sport uprawia Giannis Antetokounmpo? Koszykówka
86%
Który sport uprawia Norbert Huber? Siatkówka
81%
Który sport uprawia Benjamin Toniutti? Siatkówka
80%
Który sport uprawia Shai Gilgeous-Alexander? Koszykówka
79%
Który sport uprawiał Tom Hilde? Skoki narciarskie
79%
Nie znaleziono quizów pasujących do podanych kryteriów
Rozkład punktacji
Procent ludzi z każdym wynikiem
Percentyl według liczby udzielonych odpowiedzi
Twoja historia wyników
Nie rozwiązałeś tego quizu